00251nam a2200109Ia 4500008004100000041000800041082001500049100002600064245002400090260002200114365000500136240624s9999 xx 000 0 und d aeng a333.79 VAI aVAITHEESWARAN VIJAY V aPOWER TO THE PEOPLE c2003b 333.79 VAI c